Cuentos y cuentas fiscales 2017

Detalles Bibliográficos
Autor principal: Feregrino Paredes, Baltazar
Formato: eBook
Lenguaje:español
Publicado: Mx̌ico DF: Ediciones Fiscales ISEF, 2017
Materias:
Acceso en línea:Acceso restringido

MARC

LEADER 00000nam a22000007a 4500
005 20170704231254.0
007 cr|||| ||||
008 170704s2017 mx |||||s|||| 00||0 spa d
020 |a 978-607-406-927-3 
035 |a 20398 
040 |a vLex 
090 |c 6805  |d 6805 
100 1 |a Feregrino Paredes, Baltazar 
245 1 0 |a Cuentos y cuentas fiscales 2017  |h [Recurso electrn̤ico] /  |c Baltazar Feregrino Paredes 
256 |a Servicio en ln̕ea 
260 |a Mx̌ico DF:  |b Ediciones Fiscales ISEF,  |c 2017 
300 |a 1 recurso electrn̤ico 
500 |a En esta maravillosa obra: CUENTOS Y CUENTAS FISCALES Parte 3, el autor en forma g̀il, desinhibida y a punta de regaǫs a su personaje, le resuelve todas las inquietudes que en materia fiscal tiene, como son las RIF, las OUTSOURCING, los acuredos conclusivos, los sellos digitales, el Costo real de los Impuestos, etc. El autor es reconocido Contador Pb︢lico Certificado, autor, muy querido profesor y expositor del prestigiado Instituto de Estudios Superiores Fiscales. 
506 1 |a Disponible solo en los productos indicados  |d vLex Global  |d vLex Global (Academic Edition, excluding Law Schools)  |d vLex Global (U.S. Academic Edition, Law Schools)  |d vLex Global (U.S. Academic Edition, excluding Law Schools)  |d vLex Global (Academic Edition, Law Schools) 
650 0 4 |a Derecho Fiscal  |z Mx̌ico 
740 0 |a vLex Libros (Servicio en ln̕ea) 
856 4 0 |u http://vlex.com/source/cuentos-y-cuentas-fiscales-2017-20398  |z Acceso restringido 
942 |c BOOK 
999 0 |a Tax Law